Wird geladen...

كتاب الفرق بين الحروف الظاء و الضاد و الذال و السين و الصاد:

Bibliographische Detailangaben
1. Verfasser: أبي محمد عبدالله بن محمد بن السيد
Format: Printed Book
Sprache:English
Veröffentlicht: القاهرة مكتبة الثقافة الدينية، . 2010
Schlagworte:
LEADER 00659nam a22001337a 4500
008 201016b ||||| |||| 00| 0 eng d
082 |a 415.1 NZ 
100 |9 1579544  |a أبي محمد عبدالله بن محمد بن السيد 
245 |a كتاب الفرق بين الحروف   |b الظاء و الضاد و الذال و السين و الصاد: 
260 |a القاهرة  |b مكتبة الثقافة الدينية، .  |c 2010 
650 |x اللغة العربية - ألفبائية 
942 |c BK 
999 |c 353372  |d 353372 
952 |0 0  |1 0  |2 ddc  |4 0  |6 415_100000000000000_NZ  |7 0  |9 408689  |a ARA  |b ARA  |c ST1  |d 2020-10-16  |i 12388  |l 0  |o 415.1 NZ  |p ARA12388  |r 2020-10-16  |w 2020-10-16  |y BK